| 000 | 00843cam a2200277 4500 | ||
|---|---|---|---|
| 008 | 090401t1996 xxu||||| |||| 00| 0 eng d | ||
| 020 | _a1874059241 | ||
| 035 | _a(Sirsi) u98205 | ||
| 041 | _aeng | ||
| 050 | _a333.70285 | ||
| 110 |
_aAssociation for Geographic Information _9166 |
||
| 245 | _aGeographic information towards the millennium: AGI '96 conference proceedings. | ||
| 260 |
_aLondon _bAGI _c1996 |
||
| 300 | _ac.200p. ; 30cm. | ||
| 350 | _a0 | ||
| 520 | _a24,25, 26 September 1996 National Exhibition Centre Birmingham UK | ||
| 650 | _aLAND SURVEYING | ||
| 650 | _aABOUT RICS-RELATED ORGANISATIONS-ASSOCIATION FOR GEOGRAPHIC INFORMATION | ||
| 650 | _aCONFERENCE PAPERS | ||
| 650 | _aGIS | ||
| 650 | _aGIS | ||
| 650 | _aCOASTAL ZONE MANAGEMENT | ||
| 690 |
_aGEOMATICS _96242 |
||
| 942 | _n0 | ||
| 948 | _c04/03/1997 | ||
| 999 |
_c99118 _d99118 |
||